000 00506cam a2200205ua 4500
001 8262
008 150113n ii |||gr||||Z||||||eng
020 _a0416474209
040 _cMAIN
041 _aeng
082 _a822.33
100 _aHumphreys, A. R.,
_eEditor.
245 1 _aThe first part of king Henry IV
_cEdited by A. R. Humphreys
250 _a1st.
260 _aLondon:
_bRoutledge,
_c1992.
300 _alxxxii,203p.
653 _aEnglish drama
653 _aShakespeare drama
942 _cBK
999 _c7377
_d7377